000 00436nam a2200181Ia 4500
003 GCL
008 140319s9999 xx 000 0 eng d
040 _aGCL /
_cGCL
082 0 4 _a005.3
_bB U
100 1 _aBOH , ED
245 1 0 _aUSING WINDOWS 95 /
_cBOH , ED
260 _a[S.N] :
_bQUE CORPORATION ،
_c1995
300 _a486 P
650 0 4 _aWINDOWS
650 0 4 _aSOFT WARE
650 0 4 _aCOMPUTER - PROPGRAMME
942 _2ddc
_cBK
999 _c10361
_d10361